North America flag map - Statistics

General Stats
  • This quiz has been taken 38 times
  • The average score is 23 of 45
Answer Stats
Question Tile Select % Correct
Most Popular Countries Yes
100%
Most Popular Countries No
100%
Most Popular Countries No
96%
Most Popular Countries No
96%
Most Popular Countries No
93%
Most Popular Countries No
89%
Most Popular Countries No
89%
north america Yes
81%
central america No
81%
central america No
81%
Most Popular Countries Yes
78%
largest countries Yes
78%
north america Yes
78%
north america Yes
78%
central america Yes
78%
central america No
74%
central america Yes
74%
central america Yes
74%
central america Yes
74%
central america Yes
74%
central america Yes
74%
States Yes
70%
Most Popular Countries Yes
67%
largest countries Yes
63%
largest countries Yes
63%
States Yes
33%
north america Yes
19%
north america Yes
19%
north america Yes
19%
north america Yes
19%
north america Yes
19%
north america Yes
19%
States Yes
15%
States Yes
11%
States Yes
11%
States Yes
11%
States Yes
11%
States Yes
11%
States Yes
11%
largest countries Yes
7%
largest countries Yes
4%
largest countries Yes
4%
largest countries Yes
4%
largest countries Yes
4%
largest countries Yes
4%
No matching quizzes found
Score Distribution
Percent of People with Each Score
Percentile by Number Answered
Your Score History
You have not taken this quiz